000
00286nam a22001337a 4500
008
170602b xxu||||| |||| 00| 0 eng d
020
_a
0394722000
041
_a
eng
080
_a
94
100
_a
18
101
_a
SHH
245
_a
VISIONS OF HISTORY
_c
THOMPSON,E.P
942
_2
udc
_c
BK
999
_c
15827
_d
15827